First things first (Record no. 62221)

000 -LEADER
fixed length control field 00610nam a22001937a 4500
003 - CONTROL NUMBER IDENTIFIER
control field NUST-PNEC
005 - DATE AND TIME OF LATEST TRANSACTION
control field 20170116180742.0
008 - FIXED-LENGTH DATA ELEMENTS--GENERAL INFORMATION
fixed length control field 141225b xxu||||| |||| 00| 0 eng d
020 ## - INTERNATIONAL STANDARD BOOK NUMBER
International Standard Book Number 0684858401
040 ## - CATALOGING SOURCE
Transcribing agency PNEC
082 ## - DEWEY DECIMAL CLASSIFICATION NUMBER
Classification number 158.1 COV
100 ## - MAIN ENTRY--PERSONAL NAME
9 (RLIN) 1148
Personal name Covey Stephen
245 ## - TITLE STATEMENT
Title First things first
Statement of responsibility, etc. Stephen Covey
260 ## - PUBLICATION, DISTRIBUTION, ETC.
Place of publication, distribution, etc. London :
Name of publisher, distributor, etc. Simon & Schuster,
Date of publication, distribution, etc. c1999.
300 ## - PHYSICAL DESCRIPTION
Extent 368 p. ;
Dimensions 24 cm.
500 ## - GENERAL NOTE
General note Includes index.
856 ## - ELECTRONIC LOCATION AND ACCESS
Uniform Resource Identifier <a href="http://www.amazon.com/First-Things-Stephen-R-Covey/dp/0684858401/ref=sr_1_1?s=books&ie=UTF8&qid=1419497946&sr=1-1&keywords=0684858401">http://www.amazon.com/First-Things-Stephen-R-Covey/dp/0684858401/ref=sr_1_1?s=books&ie=UTF8&qid=1419497946&sr=1-1&keywords=0684858401</a>
942 ## - ADDED ENTRY ELEMENTS (KOHA)
Source of classification or shelving scheme
Koha item type Book
Holdings
Withdrawn status Lost status Source of classification or shelving scheme Damaged status Not for loan Permanent Location Current Location Shelving location Date acquired Source of acquisition Cost, normal purchase price Total Checkouts Full call number Barcode Date last seen Cost, replacement price Price effective from Koha item type Date last checked out
          Pakistan Navy Engineering College (PNEC) Pakistan Navy Engineering College (PNEC)     Donated By PN Book Club 1680.00   158.1 COV PNECLIB-029140 12/25/2014 1680.00   Book  
          Pakistan Navy Engineering College (PNEC) Pakistan Navy Engineering College (PNEC)     Donated By PN Book Club 1680.00   158.1 COV PNECLIB-029141 12/25/2014 1680.00   Book  
          Pakistan Navy Engineering College (PNEC) Pakistan Navy Engineering College (PNEC)   12/01/2015 Donated   1 158.1 COV PNECLIB-032216 03/03/2016     Book 03/03/2016
© 2023 Central Library, National University of Sciences and Technology. All Rights Reserved.